Shakespeare-Inspired Titles Quiz Stats

 Plays Quiz Updated Oct 28, 2017

Challenge
Share
Tweet
Embed
Score 0/16 Timer 06:00
4 Plays Today
% Correct
Band of Brothers
90.1%
Brave New World
88.6%
The Ides of March
88.5%
Winter of Our Discontent
87%
Something Wicked This Way Comes
83.6%
What Dreams May Come
81.2%
Rosencrantz and Guildenstern Are Dead
77.6%
The Moon is Down
76.8%
% Correct
Sigh No More
76.6%
The Dogs of War
76.4%
Present Laughter
76%
North by Northwest
74.9%
The Mousetrap
74.5%
The Sound and the Fury
67.7%
Pomp and Circumstance
65.7%
Tomorrow and Tomorrow and Tomorrow
61.6%

You're not logged in!

Compare scores with friends on all Sporcle quizzes.
Join for Free
OR
Log In

You Might Also Like...

Show Comments

Extras

Top Quizzes Today


Score Distribution

Your Account Isn't Verified!

In order to create a playlist on Sporcle, you need to verify the email address you used during registration. Go to your Sporcle Settings to finish the process.

Report this User

Report this user for behavior that violates our Community Guidelines.

Details: